Walter Benjamín: personajes alemanes

Saved in:
Bibliographic Details
Main Author: Valverde, José María (Author)
Format: Book
Language:Spanish
Published: Barcelona Paidós 1995
Edition:1a. ed
Series:Pensamiento Contemporáneo, 40
Subjects:
Tags: Add Tag
No Tags, Be the first to tag this record!

MARC

LEADER 00000nam a2200000 a 4500
001 UCK5059
003 CL-VaPUC
008 050708e19950000SP |||||||||||||||||spa|d
020 |a 8449301807 
082 0 4 |a 830  |b VAL  |2 21 
100 0 |a Valverde, José María  |e author  |9 493760 
245 1 0 |a Walter Benjamín: personajes alemanes 
250 |a 1a. ed 
300 |a 152 p 
942 |c BK 
945 |d 20050708 00:00:00  |a cmena 
260 |a Barcelona  |b Paidós  |c 1995 
600 0 |a Benjamin, Walter  |d 1892-1940  |9 269121 
650 0 |a Literatura alemana   |9 265457 
650 0 |a Crítica e interpretación   |9 255042 
650 0 |a Filosofía alemana   |9 265002 
650 7 |a POESIA ALEMANA  |2 CL-VaPUC  |9 493761 
650 0 |a Romanticismo alemán  |9 375288 
583 |a last modification  |c 20050708 00:00:00  |k Rodrigo Vera 
490 0 |a Pensamiento Contemporáneo, 40 
999 |c 313748  |d 313746 
952 |0 0  |1 0  |4 0  |6 830_000000000000000_VAL_1995  |7 0  |8 A  |9 385242  |a BIBEDU  |b BIBEDU  |d 2019-11-22  |i 4136179  |o 830 VAL 1995  |p 4136179  |r 2019-11-22  |w 2019-11-22  |y BK  |k FIL